Marketing and Its Impacts on the Activities of Selected Higher Education Institution in Slovakia
Guardado en:
| Autor principal: | |
|---|---|
| Otros Autores: | , |
| Formato: | Capítulo de libro |
| Lenguaje: | inglés |
| Materias: | |
| Etiquetas: |
Sin Etiquetas, Sea el primero en etiquetar este registro!
|
MARC
| LEADER | 00000naa a2200000 4500 | ||
|---|---|---|---|
| 001 | 0269667 | ||
| 005 | 20240502083808.3 | ||
| 041 | 0 | |a eng | |
| 044 | |a CZ | ||
| 245 | 1 | 0 | |a Marketing and Its Impacts on the Activities of Selected Higher Education Institution in Slovakia |c Erika Dudáš-Pajerská, Vanda Lieskovská, Katarína Petrovčiková |
| 500 | |a abstrakt | ||
| 610 | 2 | 0 | |a marketing |
| 610 | 2 | 0 | |a školy vysoké |
| 610 | 2 | 0 | |a vzdelávanie |
| 610 | 2 | 0 | |a študenti |
| 610 | 2 | 0 | |a Slovensko |
| 100 | 1 | |a Dudáš-Pajerská, Erika, 1988- | |
| 700 | 1 | |a Lieskovská, Vanda, 1961- | |
| 700 | 1 | |a Petrovčiková, Katarína, 1977- | |